[Event "Goodricke 10th op"]
[Site "Calcutta"]
[Date "1999.02.14"]
[Round "9"]
[White "Marin, Mihail"]
[Black "Prakash, G B."]
[Result "1/2-1/2"]
[WhiteElo "2525"]
[BlackElo "2400"]

1.c4 c6 2.Nf3 Nf6 3.Nc3 d5 4.e3 e6 5.d4 Nbd7 6.Qc2 Bd6 7.Bd3 O-O 8.O-O dxc4
9.Bxc4 a6 10.Rd1 b5 11.Be2 Qc7 12.Ne4 Nxe4 13.Qxe4 Re8 14.Bd3 Nf6 15.Qh4 e5
16.e4 Bg4 17.Bg5 Bxf3 18.gxf3 Nd7 19.f4 f6 20.fxe5 fxe5 21.Bc2 Nf8 22.Rac1 Kh8
23.f4 Qa7 24.Kh1 exd4 25.e5 Be7 26.Be4 Rac8 27.Rxc6 Rxc6 28.Bxc6 Ng6 29.Qh5 Rf8
30.Be4 Bxg5 31.fxg5 d3 32.Bxg6 Qb7+ 33.Kg1 Qb6+ 34.Kh1 Qc6+  1/2-1/2

[Event "Cappelle op"]
[Site "Cappelle la Grande"]
[Date "1999.02.14"]
[Round "2"]
[White "Stefansson, Hannes"]
[Black "Galkin, Alexander"]
[Result "1/2-1/2"]
[WhiteElo "2569"]
[BlackElo "2507"]

1.d4 d5 2.c4 c6 3.Nf3 e6 4.e3 Nf6 5.Nc3 Nbd7 6.Bd3 Be7 7.O-O b6 8.Qe2 Bb7
9.Rd1 Qc7 10.b3 O-O 11.Bb2 Rad8 12.Rac1 Qb8 13.e4 dxe4 14.Nxe4 c5 15.dxc5 Nxe4
16.Bxe4 Nxc5 17.Bc2 a5 18.Ne5 Bf6 19.a3 Qc7 20.b4 axb4 21.axb4 Na6 22.Bc3 Rxd1+
23.Rxd1 Rd8 24.f4 Rxd1+ 25.Qxd1 Qd8 26.Qxd8+ Bxd8 27.Ba4 Bc7 28.Bd2 Bd6 29.Bc6 Bxc6
30.Nxc6 Kf8 31.Kf2 Ke8 32.Ke3 f6 33.Bc3 Kd7 34.b5 Bc5+ 35.Kd3 Nc7 36.g4 Ne8
37.g5 Kc7 38.h4 Bd6 39.Ke4 f5+ 40.Kf3 g6 41.Kg3 Bf8 42.h5 Nd6 43.hxg6 hxg6
44.Bb4 Ne4+ 45.Kh4 Bxb4 46.Nxb4 Nd6 47.Nc6 Nf7 48.Ne7  1/2-1/2

[Event "Goodricke 10th op"]
[Site "Calcutta"]
[Date "1999.02.15"]
[Round "10"]
[White "Sashikiran, Krishnan"]
[Black "Sharma, Dinesh K"]
[Result "0-1"]
[WhiteElo "2525"]
[BlackElo "2375"]

1.d4 d5 2.c4 c6 3.Nc3 Nf6 4.e3 e6 5.Nf3 Nbd7 6.Bd3 dxc4 7.Bxc4 b5 8.Bd3 a6
9.e4 c5 10.e5 cxd4 11.Ne4 Nd5 12.O-O Qc7 13.Bg5 Nxe5 14.Nxe5 Qxe5 15.Re1 Qc7
16.Rc1 Qb6 17.Qh5 Bb7 18.Bd2 Be7 19.Ng5 g6 20.Qh6 Bf6 21.Ne4 Be7 22.Qg7 Rf8
23.Qxh7 Nf6 24.Nxf6+ Bxf6 25.Bxg6 Rc8 26.Rxc8+ Bxc8 27.Bh6 fxg6 28.Bxf8 Kxf8
29.Rc1 Qd8 30.Rc7 Qe8 31.h4 Be5 32.Ra7 d3 33.Kf1 Bd4 34.Rc7 Be5 35.Rc5 Bg7
36.Rc7 Be5 37.Rc1 Bxb2 38.Rd1 Bg7 39.Rxd3 Bb7 40.Kg1 Be4 41.Re3 Bf5 42.Rf3 Qc6
43.h5 Qxf3 44.gxf3 g5  0-1

[Event "Goodricke 10th op"]
[Site "Calcutta"]
[Date "1999.02.15"]
[Round "10"]
[White "Ramesh, RB."]
[Black "Neelotpal, Das"]
[Result "1/2-1/2"]
[WhiteElo "2390"]
[BlackElo "2435"]

1.Nf3 d5 2.d4 Nf6 3.c4 c6 4.Nc3 e6 5.e3 Nbd7 6.Bd3 dxc4 7.Bxc4 b5 8.Bd3 Bb7
9.O-O a6 10.e4 c5 11.d5 Qc7 12.Bc2 c4 13.dxe6 fxe6 14.Nd4 Nc5 15.Be3  1/2-1/2

[Event "Cappelle op"]
[Site "Cappelle la Grande"]
[Date "1999.02.15"]
[Round "3"]
[White "Lelchuk, Zoja"]
[Black "Stefansson, Hannes"]
[Result "1/2-1/2"]
[WhiteElo "2373"]
[BlackElo "2569"]

1.Nf3 d5 2.c4 c6 3.e3 Nf6 4.Nc3 e6 5.d4 Nbd7 6.Qc2 Bd6 7.Be2 O-O 8.O-O dxc4
9.Bxc4 b5 10.Bb3 Bb7 11.Rd1 Qb8 12.e4 e5 13.Bg5 exd4 14.Bxf6 Nxf6 15.Rxd4 c5
16.Rxd6 Qxd6 17.e5 Qc6 18.exf6 c4 19.fxg7 Rfd8 20.Nxb5 cxb3 21.Qxb3 Qg6 22.Nbd4 Rab8
23.Nh4 Qg5 24.Ndf5 Bxg2 25.Qg3 Qxg3 26.hxg3 Bh3 27.Ne7+ Kxg7 28.Nc6 Rbc8
29.Nxd8 Rxd8 30.Rc1 Rd2 31.Rc7 Rxb2 32.Rxa7 Be6 33.a4 Kf6 34.Ra5 Ra2 35.Nf3 Bb3
36.Ra6+ Ke7 37.Ra7+ Kf6 38.Ra6+ Ke7 39.Ra7+  1/2-1/2

[Event "Goodricke 10th op"]
[Site "Calcutta"]
[Date "1999.02.16"]
[Round "11"]
[White "Marin, Mihail"]
[Black "Ramesh, RB."]
[Result "1/2-1/2"]
[WhiteElo "2525"]
[BlackElo "2390"]

1.c4 Nf6 2.Nf3 c6 3.Nc3 d5 4.e3 e6 5.d4 Nbd7 6.Qc2 Bd6 7.Bd3 O-O 8.O-O dxc4
9.Bxc4 a6 10.Rd1 b5 11.Be2 Qc7 12.Ne4 Nxe4 13.Qxe4 Nf6 14.Qh4 c5 15.e4 cxd4
16.Bg5 e5 17.Bxf6 gxf6 18.Qxf6 Re8 19.Qg5+ Kh8 20.Qf6+ Kg8 21.Qg5+ Kh8 22.Qh6 Re6
23.Qh5 Rg6 24.Nh4 Rg7 25.Rac1 Qe7 26.Rd3 Be6 27.Nf5 Bxf5 28.Qxf5 Rag8 29.Rg3 Bc5
30.a3 Rxg3 31.hxg3 d3 32.Bxd3 Bd4 33.Rc6 Rg6 34.Qc8+ Kg7 35.Rxg6+ hxg6 36.Qc2  1/2-1/2

[Event "Cappelle op"]
[Site "Cappelle la Grande"]
[Date "1999.02.19"]
[Round "7"]
[White "Agababean, Naira"]
[Black "Grabarczyk, Miroslaw"]
[Result "0-1"]
[WhiteElo "2352"]
[BlackElo "2462"]

1.d4 d5 2.Nf3 Nf6 3.c4 c6 4.Nc3 e6 5.e3 Nbd7 6.Bd3 Bd6 7.O-O O-O 8.e4 dxe4
9.Nxe4 Nxe4 10.Bxe4 h6 11.Bc2 Re8 12.Qd3 Nf8 13.Re1 c5 14.dxc5 Bxc5 15.Qxd8 Rxd8
16.a3 a5 17.Bf4 f6 18.Rad1 Rxd1 19.Rxd1 e5 20.Be3 Bxe3 21.fxe3 Be6 22.Be4 Rc8
23.Bd5 Bxd5 24.cxd5 Nd7 25.Nh4 Rc2 26.Nf5 h5 27.b4 a4 28.Nd6 b6 29.Rd3 g6
30.Nb5 f5 31.Rc3 Rd2 32.Nc7 Kf7 33.h3 h4 34.Rc6 Rd3 35.Ne6 Rxd5 36.Ng5+ Ke7
37.Re6+ Kd8 38.Rxg6 Rd3 39.Rh6 Rxa3 40.Rxh4 Rxe3 41.Rc4 a3 42.Rc2 Rb3 43.Ra2 Ke7  0-1

[Event "United Insurance 4th"]
[Site "Dhaka"]
[Date "1999.02.19"]
[Round "1"]
[White "Abdulla, Al Rakib"]
[Black "Neelotpal, Das"]
[Result "1-0"]
[WhiteElo "2406"]
[BlackElo "2436"]

1.d4 d5 2.c4 c6 3.Nf3 Nf6 4.Nc3 e6 5.e3 Nbd7 6.Qc2 Bd6 7.e4 dxe4 8.Nxe4 Nxe4
9.Qxe4 e5 10.dxe5 O-O 11.exd6 Re8 12.Qxe8+ Qxe8+ 13.Be3 Nf6 14.O-O-O Bf5
15.Bd3 Bxd3 16.Rxd3 c5 17.Rhd1 Nd7 18.b3 h6 19.Bf4 Qe6 20.Re3 Qf6 21.Be5 Nxe5
22.Rxe5 Kh7 23.d7 Qf4+ 24.Kb2 Qf6 25.Kc1 Qf4+ 26.Kb2 Qf6 27.a4 Rd8 28.Kc1 Qf4+
29.Kb1 Qg4 30.Red5 Qxg2 31.Ne5 Qxf2 32.Nd3 Qxh2 33.Nxc5 Qc7 34.Ne4 b6 35.Nc3 a6
36.a5 bxa5 37.c5 f5 38.Na4 f4 39.Nb6 f3 40.Rf1 Rf8 41.Rxf3 Rxf3 42.d8=Q Qg3
43.Rd2 Rxb3+ 44.Rb2 Rc3 45.Qd4 Re3 46.Nc4 Qg1+ 47.Kc2 Qg6+ 48.Kd2 Rh3 49.Ne3 a4
50.Rb6 Qe8 51.Rd6 Rh2+ 52.Kc3 Rh3 53.Qd3+ g6 54.Rd7+ Kg8 55.Rd8  1-0

[Event "Bundesliga 9899"]
[Site "Germany"]
[Date "1999.02.21"]
[Round "11.4"]
[White "Siegel, Georg"]
[Black "Mueller, Matthias"]
[Result "1-0"]
[WhiteElo "2483"]
[BlackElo "2395"]

1.d4 d5 2.c4 e6 3.Nc3 c6 4.e3 Nf6 5.Nf3 Nbd7 6.Qc2 Bd6 7.Bd3 dxc4 8.Bxc4 O-O
9.O-O Qe7 10.Rd1 a6 11.Ne4 Nxe4 12.Qxe4 c5 13.Bb3 Rb8 14.Bc2 f5 15.Qd3 Nf6
16.Bb3 Kh8 17.Bd2 Bd7 18.dxc5 Bxc5 19.Bc3 Bb5 20.Bc4 Rbd8 21.Qe2 Bxc4 22.Qxc4 Nd5
23.Bd4 Bd6 24.Rd2 Rc8 25.Qb3 Rc6 26.Rad1 Rfc8 27.g3 Rc1 28.Kg2 Rxd1 29.Qxd1 b5
30.Re2 Nb4 31.e4 f4 32.Rd2 Bc7 33.Be5 Bxe5 34.Nxe5 Rf8 35.a3 Na2 36.Qb1 Qb7
37.Nf3  1-0

[Event "Best Western Classic op"]
[Site "Mt Vernon"]
[Date "1999.02.21"]
[Round "4"]
[White "Inocencio, Edgarlino S"]
[Black "Kaufman, Larry C"]
[Result "1/2-1/2"]
[WhiteElo "2155"]
[BlackElo "2410"]

1.d4 d5 2.c4 e6 3.Nc3 c6 4.e3 Nf6 5.Nf3 Nbd7 6.Qc2 Bd6 7.Be2 O-O 8.O-O dxc4
9.Bxc4 b5 10.Be2 Bb7 11.a3 a6 12.Rd1 c5 13.dxc5 Nxc5 14.b4 Nce4 15.Nxe4 Nxe4
16.Bb2 Rc8 17.Qd3 Qe7 18.Rac1 Rxc1 19.Rxc1 Rd8 20.Qc2 e5 21.Rd1  1/2-1/2

[Event "ISR-chT"]
[Site "Israel"]
[Date "1999.02.25"]
[Round "5.4"]
[White "Tyomkin, Dimitri"]
[Black "Rapoport, Igor"]
[Result "1-0"]
[WhiteElo "2504"]
[BlackElo "2295"]

1.d4 d5 2.c4 c6 3.Nf3 Nf6 4.Nc3 e6 5.e3 Nbd7 6.Bd3 Bb4 7.Qc2 O-O 8.O-O Qe7
9.a3 Ba5 10.Bd2 dxc4 11.Bxc4 e5 12.h3 Bc7 13.dxe5 Nxe5 14.Nxe5 Bxe5 15.f4 Bxc3
16.Bxc3 Qxe3+ 17.Kh2 Nd5 18.Bxd5 cxd5 19.Rae1 Qb6 20.Qd2 Qb5 21.f5 f6 22.a4 Qc6
23.Bb4 Rd8 24.Re7 d4 25.Rc1 Qxa4 26.Rcc7  1-0

[Event "AUT-chT2M 9899"]
[Site "Austria"]
[Date "1999.02.27"]
[Round "8"]
[White "Farago, Ivan"]
[Black "Haba, Petr"]
[Result "1/2-1/2"]
[WhiteElo "2530"]
[BlackElo "2515"]

1.d4 d5 2.c4 c6 3.Nf3 Nf6 4.Nc3 e6 5.e3 Nbd7 6.Qc2 Bd6 7.Bd3 O-O 8.O-O dxc4
9.Bxc4 b5 10.Be2 Bb7 11.Rd1 Qc7 12.Bd2 Rfe8 13.b4 a5 14.a3 axb4 15.axb4 Rxa1
16.Rxa1 e5 17.h3 exd4 18.exd4 Nb6 19.Bd3 g6 20.Rc1 Qe7 21.Re1 Qf8 22.Rb1 Nbd5
23.Nxd5 Nxd5 24.Be4 Nxb4 25.Bxb4 Bxb4 26.Bxc6 Rc8 27.d5 Bxc6 28.dxc6 Qd6
29.Qe2 Bc3 30.Qxb5 Qxc6  1/2-1/2

[Event "Portuguese Masters"]
[Site "Caldas de Felgueira"]
[Date "1999.02.27"]
[Round "8"]
[White "Dias, Paulo"]
[Black "Rodriguez, Luis"]
[Result "1-0"]
[WhiteElo "2195"]
[BlackElo "2155"]

1.d4 d5 2.c4 c6 3.Nc3 e6 4.e3 Nf6 5.Nf3 Nbd7 6.Qc2 a6 7.b3 Bd6 8.Be2 O-O
9.O-O b5 10.e4 dxe4 11.Nxe4 Be7 12.Bf4 Nxe4 13.Qxe4 Bb7 14.Rfd1 Nf6 15.Qc2 Qb6
16.c5 Qd8 17.Ne5 Nd5 18.Bg3 a5 19.Rac1 a4 20.Bd3 g6 21.a3 axb3 22.Qxb3 Bg5
23.Ra1 h5 24.h3 Ra4 25.Bc2 Ne7 26.Qd3 Ra8 27.Nf3 Bf6 28.Bd6 Re8 29.g4 hxg4
30.hxg4 Nd5 31.Ne5 Bxe5 32.Bxe5 Qg5 33.Qg3 Qh6 34.g5 Qh5 35.Kg2 Kf8 36.Rh1 Qe2
37.Rh8+ Ke7 38.Bf6+  1-0

[Event "Alushta"]
[Site "Alushta"]
[Date "1999.03.03"]
[Round "1"]
[White "Kuzmin, Gennadi P"]
[Black "Korotylev, Alexey"]
[Result "1-0"]
[WhiteElo "2546"]
[BlackElo "2440"]

1.d4 d5 2.c4 c6 3.Nf3 Nf6 4.Nc3 e6 5.e3 Nbd7 6.Be2 b6 7.O-O Bb7 8.a3 Be7
9.b4 c5 10.bxc5 bxc5 11.Rb1 Qc8 12.cxd5 Nxd5 13.Nxd5 Bxd5 14.Bb5 O-O 15.Bxd7 Qxd7
16.dxc5 Rfd8 17.Bb2 Bxc5 18.Ne5 Qe7 19.Qg4 f6 20.Nd3 Bxa3 21.Bxa3 Qxa3 22.Nb4 Qa4
23.Ra1 Qb5 24.Nxd5 Qxd5 25.h3 a5 26.Rfd1 Qe5 27.Qc4 h5 28.Rac1 Rd5 29.Rxd5 Qxd5
30.Qa4 Rb8 31.Ra1 Rb5 32.Rd1 Qf5 33.e4 Qc5 34.Qa2 Qb6 35.Qa4 Kh7 36.Rf1 Rb1
37.Rxb1 Qxb1+ 38.Kh2 Qb8+ 39.Kg1 Qd8 40.e5 f5 41.g3 h4 42.gxh4 Kh6 43.Qf4+ Kh5
44.Qa4 g6 45.Qc6 Qe7 46.Qd6 Qf7 47.Qd8 Kh6 48.Qxa5 Qd7 49.Qc5 Kh5 50.Qf8 Qh7
51.Qf6 Qh6 52.Qxe6 Kxh4 53.Qb3 Qc1+ 54.Kg2 g5 55.Qb7  1-0

[Event "Alushta"]
[Site "Alushta"]
[Date "1999.03.05"]
[Round "3"]
[White "Nosenko, Alexander"]
[Black "Korotylev, Alexey"]
[Result "1/2-1/2"]
[WhiteElo "2433"]
[BlackElo "2440"]

1.d4 Nf6 2.Nf3 d5 3.c4 c6 4.Nc3 e6 5.e3 Nbd7 6.Qc2 b6 7.b3 Bb7 8.Bb2 Be7
9.Bd3 Qc7 10.Rc1 Rd8 11.cxd5 exd5 12.O-O O-O 13.Ne2 Bd6 14.Ng3 g6 15.e4 dxe4
16.Nxe4 Nxe4 17.Bxe4 Bf4 18.Rcd1 Nf6 19.Bd3 c5 20.dxc5 Bxf3 21.gxf3 Bxh2+
22.Kg2 Be5 23.Ba3 Nd5 24.cxb6 Nf4+ 25.Kg1 Qxb6 26.Bxf8 Rxf8 27.Rfe1 Qe6 28.Bf1 Qf6
29.Rxe5 Qxe5 30.Qe4 Qg5+ 31.Kh2 Rc8 32.Rd7 Qh4+ 33.Kg1 Qg5+ 34.Kh2 a5 35.Qe7 Qf5
36.Rd8+ Rxd8 37.Qxd8+ Kg7 38.Qd4+ f6 39.Qe4 Qh5+ 40.Kg1 Qg5+ 41.Kh2 Qe5 42.Kg1 h5
43.a3 Ne6 44.Bd3 Qg5+ 45.Kh2 Qe5+ 46.Kg1 Nf4 47.Bf1 Qxe4 48.fxe4 Kf7 49.Bc4+ Ke7
50.b4 axb4 51.axb4 Kd6 52.f3 Ke5 53.Kf2 Kd4 54.Ba6 g5 55.Bf1 h4 56.Ba6 Ng6
57.Bf1 Ne5 58.Be2 Nf7 59.Bf1 Nd6 60.Ba6 Nc4 61.Bc8 Kc3 62.b5 Kd4 63.Be6 Nd6
64.Bd7 Kc5 65.f4 Nxe4+ 66.Kf3  1/2-1/2

[Event "ISL-chT9899"]
[Site "Reykjavik"]
[Date "1999.03.05"]
[Round "?"]
[White "Hjartarson, Johann"]
[Black "Stefansson, Hannes"]
[Result "1/2-1/2"]
[WhiteElo "2630"]
[BlackElo "2569"]

1.d4 d5 2.c4 e6 3.Nc3 c6 4.e3 Nf6 5.Nf3 Nbd7 6.Bd3 dxc4 7.Bxc4 b5 8.Be2 Bb7
9.O-O b4 10.Na4 c5 11.dxc5 Bxc5 12.Nxc5 Nxc5 13.Bb5+ Ke7 14.Qe2 Qb6 15.Bd2 Rhb8
16.Nd4 a6 17.Bc4 Nfe4 18.Be1 Kf8 19.a3 bxa3 20.bxa3 Nd6 21.Rc1 a5 22.Qh5 Nxc4
23.Rxc4 Rc8 24.Ne2 Ba6 25.Rf4 f6 26.Bc3 Nd7 27.Rd4 Ne5 28.Bd2 Kg8 29.Re1 Rc2
30.Nf4 Rac8 31.Rd1 g6 32.Qh3 f5 33.Qh4 Re8 34.h3 Qc6 35.Bxa5 Nf7 36.Qf6 e5
37.Rd6 Nxd6 38.Rxd6 Qb7 39.Nxg6 Qg7 40.Rxa6 hxg6 41.Qxg6 Qxg6 42.Rxg6+ Kf7
43.Rd6 Ra2 44.Bb4  1/2-1/2

[Event "Budapest FS03 IM"]
[Site "Budapest"]
[Date "1999.03.10"]
[Round "5"]
[White "Jamrich, Gyorgy"]
[Black "Hrvacic, Pavle"]
[Result "0-1"]
[WhiteElo "2273"]
[BlackElo "2235"]

1.d4 d5 2.c4 c6 3.e3 Nf6 4.Nc3 e6 5.Nf3 Nbd7 6.Qc2 Bd6 7.Be2 O-O 8.O-O Qe7
9.Rd1 dxc4 10.Bxc4 e5 11.e4 exd4 12.Nxd4 Nc5 13.f3 Qc7 14.g3 Ne6 15.Nf5 Bc5+
16.Kg2 g6 17.Nh6+ Kg7 18.Ne2 Bd6 19.Qd2 Be7 20.Qc3 b5 21.Ng4 b4 22.Bh6+ Kh8
23.Qe5 Rd8 24.Rxd8+ Qxd8 25.Rc1 Kg8 26.Bxe6 Bxe6 27.Rxc6 Bxg4 28.fxg4 Ne8
29.b3 Qd7 30.Rc2 Bf6 31.Qf4 Qe7 32.Ng1 Ng7 33.Rc7 Ne6 34.Rxe7 Nxf4+ 35.gxf4 Bxe7
36.f5 f6 37.g5 gxf5 38.gxf6 Bxf6 39.exf5 Rc8 40.h4 Rc2+ 41.Kf3  0-1

[Event "Bucharest TIT"]
[Site "Bucharest"]
[Date "1999.03.13"]
[Round "13"]
[White "Veneteanu, Ion Cristian"]
[Black "Kutnik, Alexandru"]
[Result "0-1"]
[WhiteElo "2245"]
[BlackElo "2193"]

1.d4 d5 2.c4 c6 3.Nf3 Nf6 4.Nc3 e6 5.e3 a6 6.a3 b5 7.b3 Bd6 8.Be2 Nbd7 9.O-O O-O
10.Qc2 Bb7 11.c5 Bc7 12.b4 Qe7 13.Bb2 e5 14.dxe5 Nxe5 15.Nxe5 Bxe5 16.Rae1 Rae8
17.h3 Bc8 18.Bd3 Bb8 19.f4 Ne4 20.Bxe4 dxe4 21.Rd1 f5 22.Rd4 Be6 23.Rfd1 Bc7
24.Ne2 Qf7 25.Qc1 h6 26.R1d2 Bc8 27.Qe1 Re6 28.Rd1 Rg6 29.Qc3 Qe7 30.Qe1 Be6
31.R4d2 Kh7 32.Bd4 Bb3 33.Rb1 Bc4 34.Nc3 Rd8 35.Ra1 Bd3 36.Ne2 a5 37.Bc3 Bxe2
38.Qxe2 Rxd2 39.Qxd2 a4 40.Bb2 Qe6 41.Rd1 Qb3 42.Qe2 Qg8 43.Qd2 Qb3 44.Qc1 Qg8
45.Kh2 Bd8 46.Rd7 Bh4 47.g4 Qf8 48.Qd1 fxg4 49.hxg4 Bf6 50.Bd4 Qe8 51.Bxf6 Rxf6
52.Qd4 Rg6 53.Kh3 h5 54.f5 Rxg4 55.Qd6 Qg8 56.Qe6 Qxe6 57.fxe6 Kg6 58.Rd6 Kf6
59.Rxc6 g5 60.Rb6 Rg1 61.Rxb5 g4+ 62.Kh2 Rc1 63.Ra5 h4 64.Ra8 g3+ 65.Kg2 Rc2+
66.Kf1 h3 67.Rg8 g2+ 68.Kg1 Rc1+ 69.Kh2 Rh1+  0-1

[Event "AUT-chT2M 9899"]
[Site "Austria"]
[Date "1999.03.14"]
[Round "11"]
[White "Kargl, Kurt"]
[Black "Loeffler, Christoph"]
[Result "1/2-1/2"]
[WhiteElo "2245"]
[BlackElo "2055"]

1.d4 c6 2.c4 d5 3.Nf3 Nf6 4.Nc3 e6 5.e3 Bd6 6.Bd3 O-O 7.O-O Nbd7 8.e4 dxc4
9.Bxc4 e5 10.Bg5 h6 11.Bh4 Qe7 12.Bb3 Rd8 13.Re1 Nf8 14.dxe5 Bxe5 15.Qc2 Ng6
16.Nxe5 Qxe5 17.Bg3 Qg5 18.Rad1 Re8 19.Qd2 Nh5 20.Qxg5 hxg5 21.Bd6 Nhf4 22.f3 g4  1/2-1/2

[Event "AUT2W-chT 9899"]
[Site "AUT"]
[Date "1999.03.14"]
[Round "9.4"]
[White "Spiegel, Wilfried"]
[Black "Poettinger, Harald"]
[Result "1/2-1/2"]
[WhiteElo "2165"]
[BlackElo "2270"]

1.d4 e6 2.c4 d5 3.Nc3 c6 4.e3 Nf6 5.Nf3 Nbd7 6.Qc2 b6 7.b3 Bb7 8.Be2 Qc7
9.Bb2 Be7 10.O-O O-O 11.Rac1 Rac8 12.Rfd1 Rfd8 13.e4 dxe4 14.Nxe4 c5 15.Ng3 Qb8
16.dxc5 Bxc5  1/2-1/2

[Event "Victor Ciocaltea Memorial"]
[Site "Bucharest"]
[Date "1999.03.16"]
[Round "13"]
[White "Conquest, Stuart"]
[Black "Rogozenko, Dorin"]
[Result "1/2-1/2"]
[WhiteElo "2488"]
[BlackElo "2557"]

1.d4 d5 2.c4 c6 3.Nf3 Nf6 4.Nc3 e6 5.e3 Nbd7 6.Be2 Bd6 7.b3 O-O 8.Bb2 b6
9.O-O Bb7 10.Qd3 Qe7 11.Rfe1 Rad8 12.cxd5 exd5 13.Nd2 c5 14.Bf3 Rfe8 15.Ne2 Ne4  1/2-1/2

[Event "Amber Rapidplay"]
[Site "Monte Carlo"]
[Date "1999.03.16"]
[Round "1"]
[White "Karpov, Anatoly"]
[Black "Gelfand, Boris"]
[Result "1-0"]
[WhiteElo "2710"]
[BlackElo "2691"]

1.d4 d5 2.c4 c6 3.Nc3 Nf6 4.e3 e6 5.Nf3 Nbd7 6.Qc2 Bd6 7.Bd3 O-O 8.O-O dxc4
9.Bxc4 a6 10.Rd1 b5 11.Be2 Qc7 12.Ne4 Nxe4 13.Qxe4 Be7 14.a4 Bb7 15.Qc2 Rfc8
16.Bd2 b4 17.a5 c5 18.Be1 Qb8 19.Qb1 Nf6 20.dxc5 Bxc5 21.Nd2 Bd5 22.Bf3 Bd6
23.h3 Be5 24.Bxd5 Nxd5 25.Nf3 Bf6 26.e4 Nf4 27.Ra4 Be7 28.b3 Qb5 29.Bd2 Ne2+
30.Kh1 Rd8 31.e5 Rac8 32.Ra1 Qd3 33.Be3 Qxb1 34.Raxb1 Nc3 35.Rxd8+ Bxd8 36.Rc1 Rb8
37.Nd4 Nd5 38.Bd2 h6 39.Nc6 Rc8 40.Rc4 Kh7 41.Nxb4 Rb8 42.Nc6 Ra8 43.g3 Bc7
44.Kg2 Kg6 45.Bb4 f6 46.Bd6 Bd8 47.Nxd8 Rxd8 48.Rc6 Kf5 49.exf6 gxf6 50.Rxa6 Rc8
51.b4 Rc2 52.Bc5 e5 53.Rd6 Ke4 54.a6 Ra2 55.a7 f5 56.Rd8  1-0

[Event "Amber Blindfold"]
[Site "Monte Carlo"]
[Date "1999.03.19"]
[Round "4"]
[White "Van Wely, Loek"]
[Black "Kramnik, Vladimir"]
[Result "0-1"]
[WhiteElo "2632"]
[BlackElo "2751"]

1.d4 Nf6 2.c4 e6 3.Nf3 d5 4.Nc3 c6 5.e3 Nbd7 6.Qc2 Bd6 7.Bd3 O-O 8.O-O dxc4
9.Bxc4 a6 10.Rd1 b5 11.Be2 Qc7 12.e4 e5 13.h3 Re8 14.a3 Bb7 15.Be3 exd4 16.Nxd4 g6
17.Kh1 Bf8 18.Nf3 c5 19.a4 b4 20.Nd5 Nxd5 21.exd5 Nb6 22.Bc4 Rad8 23.Bg5 Rd7
24.a5 Nxc4 25.Qxc4 Qd6 26.Bf4 Bxd5 27.Bxd6 Bxc4 28.Bxf8 Rxd1+ 29.Rxd1 Kxf8
30.Rc1 Bd3 31.Rxc5 Re2 32.Rd5 Be4 33.Rd4 Bxf3 34.gxf3 Rxb2 35.Kg2 Ke7 36.h4 Rb1
37.f4 b3 38.Rb4 b2 39.Rb6 Kf8 40.f5 Kg7 41.Kf3 Kh6 42.fxg6 hxg6 43.Rb7 f6
44.Kf4 g5+ 45.hxg5+ fxg5+ 46.Kf5 g4 47.Kf6 Rf1 48.Rxb2 g3 49.f4 Rxf4+ 50.Ke5 Rf2
51.Rb3 g2 52.Rg3 Kh5 53.Ke4 Kh4 54.Rg6 Kh3 55.Rh6+ Kg3 56.Rg6+ Kh2 57.Rh6+ Kg1
58.Rxa6 Kf1 59.Rg6 g1=Q 60.Rxg1+ Kxg1  0-1

[Event "Novgorod op"]
[Site "Novgorod"]
[Date "1999.03.19"]
[Round "10"]
[White "Filipenko, Alexander V"]
[Black "Beshukov, Sergei"]
[Result "0-1"]
[WhiteElo "2360"]
[BlackElo "2511"]

1.d4 d5 2.c4 e6 3.Nc3 c6 4.e3 Nf6 5.Nf3 Nbd7 6.Qc2 Bd6 7.Bd3 O-O 8.O-O dxc4
9.Bxc4 b5 10.Be2 Bb7 11.a3 a6 12.b4 a5 13.Rb1 axb4 14.axb4 Qe7 15.Qb3 Nd5
16.Nxd5 exd5 17.Bd2 Nb6 18.Ra1 Nc4 19.Bc3 f5 20.g3 f4 21.gxf4 Bxf4 22.Rxa8 Bxa8
23.Re1 Qe4 24.Bd2 Qg6+  0-1

[Event "Bundesliga 9899"]
[Site "Germany"]
[Date "1999.03.20"]
[Round "12.1"]
[White "Bauer, Christian"]
[Black "Georgiev, Kiril"]
[Result "0-1"]
[WhiteElo "2528"]
[BlackElo "2659"]

1.d4 Nf6 2.Nf3 d5 3.c4 c6 4.Nc3 e6 5.e3 Nbd7 6.Qc2 Bd6 7.e4 dxe4 8.Nxe4 Nxe4
9.Qxe4 Bb4+ 10.Ke2 O-O 11.g3 Re8 12.Bg2 e5 13.dxe5 Qe7 14.Bf4 f6 15.a3 Bd6
16.Rhe1 fxe5 17.Be3 Nf6 18.Qh4 h6 19.Rad1 e4 20.Nd4 Bg4+ 21.Kf1 Bxd1 22.Rxd1 Qf7
23.Nf5 Bf8 24.Kg1 Rad8 25.Re1 c5 26.g4 Qg6 27.h3 b6 28.Qg3 Rd7 29.Bf1 Red8
30.Be2 Bd6 31.Nxd6 Rxd6 32.b4 Nd7 33.Bf4 Rf6 34.Rd1 Rdf8 35.Be3 Qe8 36.Rd5 Re6
37.g5 Ne5 38.gxh6 Rg6 39.Bg4 Nxg4 40.hxg4 gxh6 41.bxc5 bxc5 42.Re5 Qb8 43.Bf4 Qb1+
44.Kg2 Qd1 45.g5 hxg5 46.Rxg5 Qf3+ 47.Qxf3 Rxg5+ 48.Qg3 Rxg3+ 49.Kxg3 Kf7
50.Be3 Ke6 51.Bxc5 Rf3+ 52.Kg4 a6 53.Be3 Ke5 54.a4 Rf8 55.a5 Rc8 56.f4+ Ke6
57.f5+ Ke5 58.Bf4+ Kf6 59.Bg5+ Kf7 60.Kf4 Rxc4 61.Bd8 Ra4 62.Bb6 Ke7 63.Bc7 Kd7
64.Bb6 Kd6 65.f6 Ke6 66.Bd8 Rc4 67.Be7 Rd4 68.Bc5 Ra4 69.Be7 Rd4 70.Bc5 Rc4
71.Be7 Kd7 72.Ke3 Ke8 73.Kf4 Ra4 74.Ke3 Kf7 75.Bd8 Ke6 76.Kf4 Rd4 77.Be7 Rc4
78.Bd8 Ra4 79.Be7 Rxa5 80.Kxe4 Rb5 81.Kd4 a5 82.Kc3 a4 83.Kc2 Rb3 84.Bd8 Kf7
85.Be7 Ke6 86.Bd8 Rf3 87.Kb2 Kd5 88.Be7 Kc4 89.Ka2 Rf2+ 90.Ka3 Kb5 91.Bf8 Rf3+
92.Ka2 Rxf6 93.Be7 Re6 94.Bf8 Re8 95.Bd6 Re3 96.Bf8 Kc4 97.Bd6 Kd5 98.Bf8 Kc6  0-1

[Event "Bundesliga 9899"]
[Site "Germany"]
[Date "1999.03.20"]
[Round "12.4"]
[White "Vaganian, Rafael A"]
[Black "Mueller, Karsten"]
[Result "1-0"]
[WhiteElo "2605"]
[BlackElo "2558"]

1.Nf3 d5 2.d4 c6 3.c4 Nf6 4.Nc3 e6 5.e3 Nbd7 6.Bd3 dxc4 7.Bxc4 b5 8.Bd3 Bb7
9.e4 b4 10.Na4 c5 11.e5 Nd5 12.Nxc5 Bxc5 13.dxc5 Nxc5 14.Bb5+ Ke7 15.Qd4 Qb6
16.Bc4 h6 17.O-O Rhd8 18.Bd2 a5 19.Qh4+ Kf8 20.Rfd1 Ne7 21.Be3 Bd5 22.Bxh6 Ng6
23.Bxg7+ Kxg7 24.Qf6+ Kf8 25.Ng5 Qa7 26.Rac1 Rdc8 27.Bxd5 exd5 28.Rxd5 Nd3
29.Rxc8+ Rxc8 30.Rd8+ Rxd8 31.Ne6+ Ke8 32.Qxd8+  1-0

[Event "BL2-S9899"]
[Site "Germany"]
[Date "1999.03.21"]
[Round "8.8"]
[White "Marschall, Josef"]
[Black "Bach, Edwin"]
[Result "0-1"]
[WhiteElo "2092"]
[BlackElo "2242"]

1.d4 d5 2.c4 e6 3.Nc3 c6 4.Nf3 Nf6 5.e3 Nbd7 6.Bd3 dxc4 7.Bxc4 b5 8.Bd3 a6
9.O-O c5 10.Qe2 Bb7 11.Rd1 Qb6 12.a4 b4 13.a5 Qc7 14.Nb1 Be7 15.Nbd2 O-O
16.Nc4 Be4 17.Bxe4 Nxe4 18.d5 exd5 19.Rxd5 Ndf6 20.Rd1 Rad8 21.Bd2 Qb7 22.Be1 Qb5
23.Kf1 Rxd1 24.Rxd1 Rd8 25.Ra1 Qb7 26.Nfe5 Nd7 27.f3 Nxe5 28.Nxe5 Nd6 29.e4 Bf6
30.Ng4 Bd4 31.Bf2 Nb5 32.Ne3 h6 33.Nd5 Bxf2 34.Kxf2 Nc7 35.Nb6 Rd4 36.Rd1 Ne6
37.Rxd4 Nxd4 38.Qc4 Qe7 39.g3 Qg5 40.Qd3 Qc1 41.Nc4 Qh1 42.f4 Qxh2+ 43.Kf1 Qh1+
44.Kf2 b3 45.e5 Qh2+ 46.Kf1 Qc2  0-1

[Event "BL2-N9899"]
[Site "Germany"]
[Date "1999.03.21"]
[Round "8.6"]
[White "Paulsen, Dirk"]
[Black "Ehrke, Anja"]
[Result "1-0"]
[WhiteElo "2350"]
[BlackElo "2255"]

1.d4 Nf6 2.c4 c6 3.Nc3 d5 4.e3 e6 5.Nf3 Nbd7 6.Bd3 dxc4 7.Bxc4 b5 8.Bd3 a6
9.a4 Bb7 10.O-O Be7 11.Qe2 b4 12.Nb1 c5 13.a5 O-O 14.Nbd2 cxd4 15.exd4 Nb8
16.Nc4 Nc6 17.Rd1 Ra7 18.d5 exd5 19.Be3 Qe8 20.Bxa7 dxc4 21.Bxc4 Nxa7 22.Bxa6 Ba8
23.Qe3 Nc6 24.Bb5 Ng4 25.Qb6 Qb8 26.Bxc6 Qxb6 27.axb6 Bxc6 28.Nd4 Ba8 29.Rxa8 Rxa8
30.Nc6 Bd6 31.h3 Bh2+ 32.Kf1 Nf6 33.b7 Re8 34.g3 h5 35.Kg2 Bxg3 36.fxg3  1-0

[Event "Amber Blindfold"]
[Site "Monte Carlo"]
[Date "1999.03.21"]
[Round "5"]
[White "Gelfand, Boris"]
[Black "Piket, Jeroen"]
[Result "1-0"]
[WhiteElo "2691"]
[BlackElo "2619"]

1.Nf3 d5 2.d4 Nf6 3.c4 e6 4.Nc3 c6 5.e3 Nbd7 6.Qc2 Bd6 7.Bd3 O-O 8.O-O dxc4
9.Bxc4 b5 10.Be2 Bb7 11.Rd1 Qc7 12.Bd2 a6 13.b4 a5 14.a3 axb4 15.axb4 Nd5
16.Rac1 Qd8 17.Ne4 Bxb4 18.Neg5 g6 19.e4 Bxd2 20.Qxd2 Nc7 21.e5 Nd5 22.Ne4 Ra3
23.h4 Qe7 24.h5 Kg7 25.Nd6 Ba8 26.Ra1 b4 27.Rxa3 bxa3 28.Ra1 c5 29.Rxa3 cxd4
30.Ra7 Qd8 31.Nxd4 Ne7 32.Nxe6+ fxe6 33.Rxd7 Qxd7 34.Nf5+ Nxf5 35.Qxd7+ Kh6
36.hxg6 hxg6 37.Qxe6 Kh7 38.Bd3  1-0

[Event "Novgorod op"]
[Site "Novgorod"]
[Date "1999.03.21"]
[Round "3"]
[White "Iljushin, Alexei"]
[Black "Galliamova, Alisa"]
[Result "0-1"]
[WhiteElo "2484"]
[BlackElo "2558"]

1.d4 d5 2.c4 c6 3.e3 Nf6 4.Nc3 e6 5.Nf3 Nbd7 6.Qc2 b6 7.Bd3 Bb7 8.O-O Be7
9.e4 dxe4 10.Nxe4 Nxe4 11.Bxe4 Nf6 12.Be3 Nxe4 13.Qxe4 O-O 14.Rad1 a5 15.b3 a4
16.Rfe1 axb3 17.axb3 Ra3 18.Rd3 Ra5 19.Bf4 Qc8 20.Ne5 Rd8 21.Bd2 Ra2 22.Bc3 f5
23.Qe3 Bf6 24.Nf3 c5 25.dxc5 Rxd3 26.Qxd3 Be4 27.Qe3 Qxc5 28.Bd4 Bxd4 29.Qxd4 h6
30.Qxc5 bxc5 31.Ne5 Bc2 32.h3 Bxb3 33.Re3 Rb2 34.Rd3 Kh7 35.Rd6 Re2 36.Nd3 Rd2
37.Rd7 Ba4 38.Ra7 Rxd3 39.Rxa4 Rc3 40.f4 Rc2 41.Kh2 Kg6 42.Kg3 Kf6 43.Kf3 g5
44.g3 g4+ 45.hxg4 Rc3+ 46.Kf2 fxg4 47.Ra8 Kf5 48.Rh8 Rxc4 49.Rxh6 Rc2+ 50.Ke3 Rc3+
51.Kf2 Rf3+ 52.Kg2 c4 53.Rh5+ Ke4 54.Re5+ Kd3 55.Rxe6 c3 56.Rd6+ Ke2 57.Rc6 Kd2
58.Rg6 c2  0-1